What is your dangerous idea? : today's leading thinkers on the unthinkable
| Format: | Book |
|---|---|
| Published: |
London :
Pocket Books ,
2007
|
| Subjects: |
MARC
| LEADER | 00000cam a2200000 7i4500 | ||
|---|---|---|---|
| 001 | 0000047423 | ||
| 005 | 20150517.0 | ||
| 008 | 150517 | ||
| 020 | |a 9781849832182 | ||
| 090 | 0 | 0 | |a 001 |b WHA |
| 245 | 1 | 0 | |a What is your dangerous idea? : |b today's leading thinkers on the unthinkable |
| 260 | |a London : |b Pocket Books , |c 2007 | ||
| 650 | 0 | |a Discoveries in science |x Forecasting | |
| 650 | 0 | |a Intellectuals | |
| 650 | 0 | |a Religion & science | |
| 650 | 0 | |a Science |x Moral & ethical aspects | |
| 999 | |a 0001349091 |b Book |c Adult Collection |e Perbadanan Perpustakaan Awam Johor | ||